Filosofía española (Record no. 84237)

MARC details
000 -LEADER
campo de control de longitud fija 00852nam a2200217 i 4500
001 - NÚMERO DE CONTROL
campo de control 84237
003 - IDENTIFICADOR DE NÚMERO DE CONTROL
campo de control ES-MaACL
005 - FECHA Y HORA DE LA ÚLTIMA TRANSACCIÓN
campo de control 20231221200807.0
007 - CAMPO FIJO DE DESCRIPCIÓN FÍSICA--INFORMACIÓN GENERAL
campo de control de longitud fija t|
008 - DATOS DE LONGITUD FIJA--INFORMACIÓN GENERAL
campo de control de longitud fija 041122s1935 sp ||||1| spa d
100 1# - ENTRADA PRINCIPAL--NOMBRE DE PERSONA
Nombre de persona Izquierdo Ortega, J.
9 (RLIN) 65740
245 10 - MENCIÓN DEL TÍTULO
Título Filosofía española
Resto del título : (tres ensayos) : Ortega y Gasset o la vida ; Turró o la ciencia ; Unamuno o la religión /
Mención de responsabilidad, etc. J. Izquierdo Ortega ; prólogo de Luis de Araquistáin.
260 ## - PUBLICACIÓN, DISTRIBUCIÓN, ETC.
Lugar de publicación, distribución, etc. Madrid :
Nombre del editor, distribuidor, etc. Argos,
Fecha de publicación, distribución, etc. [1935] (
Fabricante Imp. Graphia)
300 ## - DESCRIPCIÓN FÍSICA
Extensión 211 p. ;
Dimensiones 18 cm.
600 14 - PUNTO DE ACCESO ADICIONAL DE MATERIA--NOMBRE DE PERSONA
Nombre de persona Ortega y Gasset, José,
Fechas asociadas al nombre 1883-1955-
Subdivisión general Crítica e interpretación
9 (RLIN) 87505
600 17 - PUNTO DE ACCESO ADICIONAL DE MATERIA--NOMBRE DE PERSONA
Nombre de persona Turró, Ramón,
Fechas asociadas al nombre 1854-1926
Fuente del encabezamiento o término embne
9 (RLIN) 111758
600 17 - PUNTO DE ACCESO ADICIONAL DE MATERIA--NOMBRE DE PERSONA
Nombre de persona Unamuno, Miguel de,
Fechas asociadas al nombre 1864-1936-
Subdivisión general Religión
Fuente del encabezamiento o término
9 (RLIN) 165170
700 1# - ENTRADA AGREGADA--NOMBRE PERSONAL
Nombre de persona Araquistáin, Luis,
Fechas asociadas al nombre 1886-1959
9 (RLIN) 22345
852 ## - LOCALIZACIÓN
Ubicación ES-MaACL
Número de control de estantería B-9735
Holdings
Estatus retirado Estado de pérdida Estado de daño No para préstamo Biblioteca de origen Biblioteca actual Ubicación en estantería Fecha de adquisición Fuente de adquisición Total de préstamos Signatura topográfica completa Código de barras Visto por última vez Precio de reemplazo Tipo de ítem Koha
        Biblioteca del Ateneo de Madrid Biblioteca del Ateneo de Madrid Sala Pardo Bazán 17/01/2008     B-9735 1088037 23/02/2023 23/02/2023 Libro impreso